书目信息 |
| 题名: |
春归意大利
|
|
| 作者: | 罗布莱斯 , 罗布莱斯 著 ;郭安定 译 | |
| 分册: | ||
| 出版信息: | 北京 中国文联出版社 2000.02 |
|
| 页数: | 222页 | |
| 开本: | 19cm | |
| 丛书名: | ||
| 单 册: | ||
| 中图分类: | I565.45 | |
| 科图分类: | ||
| 主题词: | 长篇小说--法国--现代 | |
| 电子资源: | ||
| ISBN: | 7-5059-3583-6 | |
| 000 | 00703nam0 2200229 45 | |
| 001 | 012004000000 | |
| 005 | 20041206151037.84 | |
| 010 | @a7-5059-3583-6@dCNY 12.80 | |
| 100 | @a20040920d2000 em y0chiy0121 ea | |
| 101 | 1 | @achi@cfre |
| 102 | @aCN@b110000 | |
| 105 | @ay z 000ay | |
| 200 | 1 | @a春归意大利@Achun gui yi da li@f(法)罗布莱斯著@F(fa)luo bu lai si zhu@g郭安定译 |
| 210 | @a北京@c中国文联出版社@d2000.02 | |
| 215 | @a222页@d19cm | |
| 606 | 0 | @a长篇小说@y法国@z现代 |
| 690 | @aI565.45@v4 | |
| 701 | 1 | @a罗布莱斯@Aluo bu lai si@b埃马纽埃尔@4著 |
| 701 | 0 | @a罗布莱斯@Aluo bu lai si@4著 |
| 702 | 0 | @a郭安定@Aguo an ding@4译 |
| 801 | 0 | @aCN@bQSSKw@c20041206 |
| 905 | @a10447@dI565.45@eL930 | |
| 春归意大利/(法)罗布莱斯著/郭安定译.-北京:中国文联出版社,2000.02 |
| 222页;19cm |
| ISBN 7-5059-3583-6:CNY 12.80 |
| ● |
| 相关链接 |
|
|
|
正题名:春归意大利
索取号:I565.45/L930
 
预约/预借
| 序号 | 登录号 | 条形码 | 馆藏地/架位号 | 状态 | 备注 |
| 1 | 430267 | 204302673 | 文学库116/116文学库 24排3列6层/ [索取号:I565.45/L930] | 在馆 | |
| 2 | 430268 | 204302682 | 社科二线400B/400B社科库 5排4列3层/ [索取号:I565.45/L930] | 在馆 | |
| 3 | 430269 | 204302691 | 文学库116/116文学库 24排3列6层/ [索取号:I565.45/L930] | 在馆 |